logo

Bir Sreshtho Munshi Abdur Rouf Library
Jhenaidah Cadet College

Trail guide to the body : (Record no. 5843)

MARC details
000 -LEADER
fixed length control field 00779nam a2200277 a 4500
001 - CONTROL NUMBER
JCCL Control Number 5843
003 - CONTROL NUMBER IDENTIFIER
JCCL marc code BD-JhCC
005 - DATE AND TIME OF LATEST TRANSACTION
control field 20171228121310.0
008 - FIXED-LENGTH DATA ELEMENTS--GENERAL INFORMATION
fixed length control field 171228s2014 coua 001 0 eng d
020 ## - INTERNATIONAL STANDARD BOOK NUMBER
International Standard Book Number 9780982978658 (alk. paper)
020 ## - INTERNATIONAL STANDARD BOOK NUMBER
International Standard Book Number 0965853411
035 ## - SYSTEM CONTROL NUMBER
system control number (BD-JhCC)5843
040 ## - CATALOGING SOURCE
Original cataloging agency BD-JhCC
Description conventions rda
Transcribing agency DLC
Modifying agency BD-JhCC
041 ## - LANGUAGE CODE
Language code of Book eng
082 ## - DEWEY DECIMAL CLASSIFICATION NUMBER
Classification number 611
Author mark and Year BIE 2001
100 1# - MAIN ENTRY--PERSONAL NAME
Personal name Biel, Andrew.
245 10 - TITLE STATEMENT
Title Trail guide to the body :
Remainder of title a hands-on guide to locating muscles, bones and more /
Statement of responsibility, etc Andrew Biel.
250 ## - EDITION STATEMENT
Edition statement 5th edition.
260 ## - PUBLICATION, DISTRIBUTION, ETC. (IMPRINT)
Place of publication, distribution, etc U.S. A
Name of publisher, distributor, etc Books of Dictionary
Date of publication, distribution, etc 2001.
263 ## - PROJECTED PUBLICATION DATE
Projected publication date 1405
300 ## - PHYSICAL DESCRIPTION
Pagination 340 p. :
Other physical details ill. ;
Dimensions 28 cm.
504 ## - BIBLIOGRAPHY, ETC. NOTE
Bibliography, etc Includes Index and Bibliography
650 ## - SUBJECT ADDED ENTRY--TOPICAL TERM
Topical term or geographic name as entry element Human anatomy
942 ## - ADDED ENTRY ELEMENTS (KOHA)
Source of classification or shelving scheme Dewey Decimal Classification
Koha item type Books
Holdings
Source of classification or shelving scheme Damaged status Not for loan Home library Current library Shelving location Total Checkouts Full call number Barcode Date last seen Copy number Koha item type
Dewey Decimal Classification     JCC Rouf Library JCC Rouf Library General Stacks   611 BIE 2001 8183 12/28/2017 C - 1 Books

JCC Library | Contacts | JCC Home

Last Update on 23 September 2017
Copyright @ 2017-2020 JCC Rouf Library
Rouf Library, Jhenidah Cadet College (JCC), Bangladesh